Pays situés sur les Alpes - Statistiques

Statistiques générales
  • Ce quiz a été pris 288 fois
  • Le résultat moyen est 6 sur 7
Statistiques - réponses
Réponse % Correct
France
100%
Italie
98%
Suisse
98%
Allemagne
91%
Autriche
89%
Slovénie
70%
Liechtenstein
63%
Aucun quiz correspondant
Distribution des résultats
% des personnes avec chaque résultat
Percentile par nombre de réponses
Votre historique - résultats
Vous n’avez pas pris ce quiz